[Event "Rilton Cup 50th"]
[Site "Stockholm"]
[Date "2022.12.30"]
[Round "4"]
[White "Pranesh, M."]
[Black "Sawatzki, Frank"]
[Result "1-0"]
[WhiteElo "2475"]
[BlackElo "2369"]
[PlyCount "129"]
[EventDate "2022.12.27"]
[EventType "swiss"]
[EventRounds "9"]
[EventCountry "SWE"]
[SourceTitle "CBM 212 Extra"]
[Source "ChessBase"]
[SourceDate "2023.03.31"]
[SourceVersion "1"]
[SourceVersionDate "2023.03.31"]
[SourceQuality "1"]

1. e4 c5 2. Nf3 Nc6 3. d4 cxd4 4. Nxd4 e5 5. Nb5 d6 6. N1c3 a6 7. Na3 Be6 8. Nc4 Rb8 9. Ne3 Nf6 10. Bd3 Be7 11. Ned5 0-0 12. 0-0 Nd7 13. Nxe7+ Nxe7 14. Be2 Nf6 15. Bg5 Ng6 16. a4 h6 17. Be3 Ne7 18. a5 d5 19. exd5 Nexd5 20. Nxd5 Nxd5 21. Bc5 Re8 22. Bf3 Qc7 23. b4 Rbd8 24. Qe1 Bf5 25. c4 e4 26. Be2 Nf4 27. Bb6 Qc6 28. Bxd8 Qg6 29. g3 Rxd8 30. Rd1 Re8 31. c5 Nxe2+ 32. Qxe2 Bh3 33. Rd6 Bxf1 34. Kxf1 Re6 35. Rd8+ Kh7 36. Qe3 Re5 37. Rd6 Qf5 38. Kg2 f6 39. h3 Qc8 40. Qd2 Qe8 41. Rd8 Qa4 42. Rd4 Qb3 43. Qe3 Qb1 44. h4 h5 45. Kh2 Kg6 46. Kg2 Kh7 47. Qd2 Rf5 48. Qe2 Re5 49. Qd1 Qa2 50. Kg1 Rf5 51. Qe1 Qc2 52. Kg2 Re5 53. Qe3 Qb1 54. Qe2 Kg6 55. g4 Kh7 56. gxh5 e3 57. fxe3 Re4 58. Qd2 Kh6 59. Rd8 Rg4+ 60. Kh3 Qf1+ 61. Kxg4 f5+ 62. Kg3 Qg1+ 63. Qg2 Qxe3+ 64. Kh2 Qe5+ 65. Kh3 1-0

[Event "Rilton Cup 50th"]
[Site "Stockholm"]
[Date "2022.12.28"]
[Round "2"]
[White "Kucuksari, Kaan"]
[Black "Sawatzki, Frank"]
[Result "1-0"]
[WhiteElo "2492"]
[BlackElo "2369"]
[PlyCount "54"]
[EventDate "2022.12.27"]
[EventType "swiss"]
[EventRounds "9"]
[EventCountry "SWE"]
[SourceTitle "CBM 212 Extra"]
[Source "ChessBase"]
[SourceDate "2023.03.31"]
[SourceVersion "1"]
[SourceVersionDate "2023.03.31"]
[SourceQuality "1"]

1. d4 d5 2. Nf3 Nf6 3. Bf4 c5 4. e3 Nc6 5. Nbd2 cxd4 6. exd4 Bg4 7. c3 e6 8. Qb3 Bd6 9. Bxd6 Qxd6 10. Qxb7 Rb8 11. Qa6 0-0 12. Bb5 Rb6 13. Qa4 Ne7 14. 0-0 Qb8 15. Bd3 Bxf3 16. Nxf3 Rxb2 17. Rab1 Rxb1 18. Rxb1 Qc7 19. c4 dxc4 20. Qxc4 Qxc4 21. Bxc4 Nc8 22. Ne5 Nd6 23. Ba6 g5 24. a4 Kg7 25. a5 Nd5 26. Nc6 h5 27. g3 g4 1-0

[Event "BL2-Nord 1920"]
[Site "Germany"]
[Date "2019.12.08"]
[Round "6.4"]
[White "Sawatzki, Frank"]
[Black "Polzin, Rainer"]
[Result "1/2-1/2"]
[WhiteElo "2393"]
[BlackElo "2415"]
[PlyCount "20"]
[EventDate "2019.10.19"]
[EventType "team-tourn"]
[EventRounds "9"]
[EventCountry "GER"]
[SourceTitle "CBM 194 Extra"]
[Source "ChessBase"]
[SourceDate "2020.03.31"]
[SourceVersion "1"]
[SourceVersionDate "2020.03.31"]
[SourceQuality "1"]
[WhiteTeam "St Pauli"]
[BlackTeam "Berlin SF II"]
[WhiteTeamCountry "GER"]
[BlackTeamCountry "GER"]

1. e4 c5 2. Nf3 d6 3. Bb5+ Bd7 4. Bxd7+ Qxd7 5. c4 g6 6. Nc3 Bg7 7. d4 cxd4 8. Nxd4 Nf6 9. f3 0-0 10. Be3 Nc6 1/2-1/2

[Event "Helsingor Xtracon op"]
[Site "Helsingor"]
[Date "2019.07.26"]
[Round "8"]
[White "Sawatzki, Frank"]
[Black "Heimisson, Hilmir Freyr"]
[Result "1/2-1/2"]
[WhiteElo "2385"]
[BlackElo "2279"]
[PlyCount "126"]
[EventDate "2019.07.20"]
[EventType "swiss"]
[EventRounds "10"]
[EventCountry "DEN"]
[SourceTitle "CBM 191 Extra"]
[Source "ChessBase"]
[SourceDate "2019.09.30"]
[SourceVersion "1"]
[SourceVersionDate "2019.09.30"]
[SourceQuality "1"]

1. e4 c5 2. Nf3 Nc6 3. Bb5 e6 4. 0-0 Nge7 5. Re1 a6 6. Bf1 d5 7. exd5 Nxd5 8. d4 Nf6 9. Be3 cxd4 10. Nxd4 Bd7 11. c4 Nxd4 12. Bxd4 Bc6 13. Nc3 Be7 14. a3 Qd6 15. b4 0-0 16. Be5 Qxd1 17. Raxd1 Rfd8 18. Bc7 Rxd1 19. Rxd1 Rc8 20. Bd6 Kf8 21. f3 Bxd6 22. Rxd6 Ke7 23. Rd1 g5 24. Kf2 h5 25. Ke3 Nd7 26. c5 g4 27. Be2 Nf6 28. Rd2 Rg8 29. a4 gxf3 30. gxf3 Rg1 31. Bd1 Nd5+ 32. Nxd5+ Bxd5 33. Kf2 Rg8 34. a5 h4 35. Be2 Rg5 36. Rd4 Rh5 37. f4 Rh6 38. Bf3 Rf6 39. Ke3 Rf5 40. h3 Kd8 41. Be4 Rh5 42. Kf3 Kc7 43. Kg4 Rh8 44. Bxd5 Rd8 45. Kxh4 exd5 46. Kg5 Kc6 47. f5 Re8 48. Rh4 Kb5 49. Rh6 Kxb4 50. Rb6+ Kxc5 51. Rxb7 Rh8 52. h4 Rh7 53. f6 d4 54. Rc7+ Kb4 55. Rc6 Kb5 56. Rd6 Kxa5 57. Rxd4 Kb5 58. Rd8 a5 59. Rb8+ Kc4 60. Ra8 Kb4 61. Rb8+ Kc4 62. Ra8 Kb5 63. Rb8+ Kc4 1/2-1/2

[Event "Helsingor Xtracon op"]
[Site "Helsingor"]
[Date "2019.07.21"]
[Round "2"]
[White "Sawatzki, Frank"]
[Black "Jepsen, Thomas Tange"]
[Result "1-0"]
[WhiteElo "2385"]
[BlackElo "2069"]
[PlyCount "57"]
[EventDate "2019.07.20"]
[EventType "swiss"]
[EventRounds "10"]
[EventCountry "DEN"]
[SourceTitle "CBM 191 Extra"]
[Source "ChessBase"]
[SourceDate "2019.09.30"]
[SourceVersion "1"]
[SourceVersionDate "2019.09.30"]
[SourceQuality "1"]

1. e4 e5 2. Nf3 Nf6 3. Nxe5 d6 4. Nf3 Nxe4 5. Nc3 Nxc3 6. dxc3 Be7 7. Be3 Nc6 8. Qd2 Be6 9. 0-0-0 Qd7 10. h3 a6 11. b3 0-0-0 12. Be2 Bf6 13. Rhe1 Rhe8 14. Ng5 h6 15. Nxe6 fxe6 16. Bh5 Re7 17. f4 Rg8 18. Bg6 Kb8 19. c4 Rd8 20. Qf2 Nb4 21. Kb1 e5 22. f5 Nc6 23. Qd2 Nd4 24. Rf1 Rf8 25. g3 b6 26. h4 Qd8 27. Rde1 Qd7 28. Qf2 Kb7 29. g4 1-0

[Event "Rilton Cup 48th"]
[Site "Stockholm"]
[Date "2019.01.02"]
[Round "6"]
[White "Blomqvist, Erik"]
[Black "Sawatzki, Frank"]
[Result "1-0"]
[WhiteElo "2497"]
[BlackElo "2392"]
[PlyCount "63"]
[EventDate "2018.12.27"]
[EventType "swiss"]
[EventRounds "9"]
[EventCountry "SWE"]
[SourceTitle "CBM 188 Extra"]
[Source "ChessBase"]
[SourceDate "2019.02.26"]
[SourceVersion "1"]
[SourceVersionDate "2019.02.26"]
[SourceQuality "1"]

1. Nf3 d5 2. g3 Nf6 3. Bg2 c6 4. 0-0 Bf5 5. c4 e6 6. cxd5 cxd5 7. Qb3 Qb6 8. Qxb6 axb6 9. d3 Nc6 10. Nc3 Bc5 11. Bd2 0-0 12. a3 Nd4 13. Nxd4 Bxd4 14. Rab1 Nd7 15. Nb5 Bf6 16. b4 Rfc8 17. e4 Bg6 18. f4 dxe4 19. dxe4 e5 20. Be3 Rc2 21. Rf2 Rxf2 22. Bxf2 exf4 23. gxf4 Bh5 24. e5 Be7 25. Rc1 g5 26. Bxb7 Rd8 27. Nd4 gxf4 28. Nc6 Re8 29. Nxe7+ Rxe7 30. Rc7 Kf8 31. a4 Be2 32. Bd4 1-0

[Event "Rilton Cup 48th"]
[Site "Stockholm"]
[Date "2018.12.30"]
[Round "4"]
[White "Lalith, Babu MR"]
[Black "Sawatzki, Frank"]
[Result "1-0"]
[WhiteElo "2529"]
[BlackElo "2392"]
[PlyCount "93"]
[EventDate "2018.12.27"]
[EventType "swiss"]
[EventRounds "9"]
[EventCountry "SWE"]
[SourceTitle "CBM 188 Extra"]
[Source "ChessBase"]
[SourceDate "2019.02.26"]
[SourceVersion "1"]
[SourceVersionDate "2019.02.26"]
[SourceQuality "1"]

1. Nf3 d5 2. d4 Nf6 3. c4 c6 4. Nc3 dxc4 5. a4 Bf5 6. Ne5 Nbd7 7. Nxc4 Nb6 8. Ne5 a5 9. h4 h6 10. f3 Nfd7 11. e4 Bh7 12. Nd3 e6 13. Be3 Be7 14. g3 0-0 15. Qb3 Bd6 16. Ne2 Qe7 17. Rc1 Kh8 18. Bg2 Bb4+ 19. Nxb4 axb4 20. Ra1 f5 21. e5 Nd5 22. Bd2 c5 23. f4 Bg8 24. 0-0 b6 25. Rfc1 Ra5 26. Qd3 g6 27. Be1 Rfa8 28. Bf2 Rxa4 29. Rxa4 Rxa4 30. dxc5 bxc5 31. Qb5 Ra2 32. Rc2 Bf7 33. Nc1 Ra8 34. Bxd5 exd5 35. Bxc5 Nxc5 36. Qxc5 Qd8 37. Qd4 Kg8 38. Nb3 Rc8 39. Rxc8 Qxc8 40. Nc5 b3 41. Kf2 g5 42. hxg5 hxg5 43. fxg5 f4 44. gxf4 Qh3 45. Ke1 Qg2 46. Nd3 Bg6 47. Nf2 1-0

[Event "Helsingor Xtracon op"]
[Site "Helsingor"]
[Date "2018.07.27"]
[Round "8"]
[White "Ongut, Tamas Gunes"]
[Black "Sawatzki, Frank"]
[Result "1/2-1/2"]
[WhiteElo "2220"]
[BlackElo "2380"]
[PlyCount "50"]
[EventDate "2018.07.21"]
[EventType "swiss"]
[EventRounds "10"]
[EventCountry "DEN"]
[SourceTitle "CBM 185 Extra"]
[Source "ChessBase"]
[SourceDate "2018.07.29"]
[SourceVersion "1"]
[SourceVersionDate "2018.07.29"]
[SourceQuality "1"]

1. e4 d6 2. d4 Nf6 3. Nc3 e5 4. Nge2 Nbd7 5. h3 c6 6. g4 b5 7. Ng3 b4 8. Nce2 d5 9. Bg2 Nxe4 10. Nxe4 dxe4 11. dxe5 Nxe5 12. Qxd8+ Kxd8 13. Bxe4 Kc7 14. Bf4 Bd6 15. 0-0-0 f6 16. Kb1 Rb8 17. Nd4 c5 18. Nc6 Rb6 19. Rxd6 Kxd6 20. Rd1+ Ke6 21. Bd5+ Kd6 22. Bg2+ Ke6 23. Bd5+ Kd6 24. Be4+ Ke6 25. Bd5+ Kd6 1/2-1/2

[Event "Oberliga Nord N 1718"]
[Site "Germany"]
[Date "2018.03.18"]
[Round "8.1"]
[White "Fries Nielsen, Jens Ove"]
[Black "Sawatzki, Frank"]
[Result "1-0"]
[WhiteElo "2359"]
[BlackElo "2392"]
[PlyCount "72"]
[EventDate "2017.10.08"]
[EventType "team-tourn"]
[EventRounds "9"]
[EventCountry "GER"]
[SourceTitle "EXT 2019"]
[Source "ChessBase"]
[SourceDate "2018.10.10"]
[SourceVersion "1"]
[SourceVersionDate "2018.10.10"]
[SourceQuality "1"]
[WhiteTeam "Bargteheide"]
[BlackTeam "Hamburg SF"]
[WhiteTeamCountry "GER"]
[BlackTeamCountry "GER"]

1. d4 d5 2. Nc3 Nf6 3. Bf4 a6 4. Qd3 e6 5. e4 Be7 6. e5 Nfd7 7. Qg3 g5 8. Be3 c5 9. Nf3 cxd4 10. Nxd4 Nc6 11. Nf3 g4 12. Qxg4 Ndxe5 13. Nxe5 Nxe5 14. Qh5 Ng6 15. 0-0-0 Qc7 16. Be2 Bd7 17. g3 Rc8 18. f4 b5 19. Bd3 b4 20. Ne2 Bb5 21. Nd4 Bxd3 22. Rxd3 Bf6 23. Qe2 0-0 24. Kb1 Rfe8 25. Rf1 a5 26. f5 exf5 27. Nxf5 Qe5 28. Nh6+ Kg7 29. Rb3 d4 30. Ng4 Qh5 31. Qf3 dxe3 32. Qxf6+ Kg8 33. Qxf7+ Kh8 34. Qf6+ Kg8 35. Rxe3 Rf8 36. Qe6+ Kh8 1-0

[Event "Oberliga Nord N 1718"]
[Site "Germany"]
[Date "2017.12.10"]
[Round "4.1"]
[White "Wessman, Richard"]
[Black "Sawatzki, Frank"]
[Result "1/2-1/2"]
[WhiteElo "2424"]
[BlackElo "2392"]
[PlyCount "41"]
[EventDate "2017.10.08"]
[EventType "team-tourn"]
[EventRounds "9"]
[EventCountry "GER"]
[SourceTitle "EXT 2019"]
[Source "ChessBase"]
[SourceDate "2018.10.10"]
[SourceVersion "1"]
[SourceVersionDate "2018.10.10"]
[SourceQuality "1"]
[WhiteTeam "Eppendorf Johanneum"]
[BlackTeam "Hamburg SF"]
[WhiteTeamCountry "GER"]
[BlackTeamCountry "GER"]

1. d4 d5 2. c4 c6 3. Nc3 Nf6 4. cxd5 cxd5 5. f3 Nc6 6. e4 g6 7. Be3 dxe4 8. d5 Ne5 9. Bd4 Nd3+ 10. Bxd3 exd3 11. Qxd3 Bg7 12. Nge2 0-0 13. 0-0 b6 14. Rad1 e6 15. Nf4 exd5 16. Nfxd5 Bb7 17. Nxf6+ Bxf6 18. Rfe1 Bh4 19. Ne4 Bxe4 20. Rxe4 Bf6 21. Bxf6 1/2-1/2

[Event "Oberliga Nord N 1415"]
[Site "Germany"]
[Date "2014.10.19"]
[Round "2.1"]
[White "Feuerstack, Aljoscha"]
[Black "Sawatzki, Frank"]
[Result "1-0"]
[WhiteElo "2452"]
[BlackElo "2330"]
[PlyCount "35"]
[EventDate "2014.09.21"]
[EventType "team-tourn"]
[EventRounds "9"]
[EventCountry "GER"]
[SourceTitle "EXT 2016"]
[Source "ChessBase"]
[SourceDate "2015.10.08"]
[SourceVersion "1"]
[SourceVersionDate "2015.10.08"]
[SourceQuality "1"]
[WhiteTeam "Hamburg St Pauli"]
[BlackTeam "Hamburg SF"]
[WhiteTeamCountry "GER"]
[BlackTeamCountry "GER"]

1. e4 c5 2. Nf3 Nc6 3. c3 e6 4. d4 d5 5. exd5 Qxd5 6. Na3 Nf6 7. Be3 Ng4 8. Bg5 f6 9. Nb5 Qe4+ 10. Be2 fxg5 11. Nc7+ Kd8 12. Nxa8 cxd4 13. 0-0 Nf6 14. Bb5 Bd7 15. Re1 Qf4 16. Bxc6 bxc6 17. Ne5 Ne4 18. Qxd4 1-0

[Event "Oberliga Nord N 1314"]
[Site "Germany"]
[Date "2014.02.09"]
[Round "6.1"]
[White "Seres, Lajos"]
[Black "Sawatzki, Frank"]
[Result "1-0"]
[WhiteElo "2449"]
[BlackElo "2332"]
[PlyCount "91"]
[EventDate "2013.10.13"]
[EventType "team-tourn"]
[EventRounds "9"]
[EventCountry "GER"]
[SourceTitle "EXT 2015"]
[Source "ChessBase"]
[SourceDate "2014.11.20"]
[SourceVersion "1"]
[SourceVersionDate "2014.11.20"]
[SourceQuality "1"]
[WhiteTeam "Schwerin"]
[BlackTeam "Pinneberg"]
[WhiteTeamCountry "GER"]
[BlackTeamCountry "GER"]

1. d4 d5 2. Nf3 Nf6 3. c4 c6 4. e3 g6 5. Nc3 Bg7 6. Be2 0-0 7. 0-0 dxc4 8. Bxc4 Nd5 9. h3 Be6 10. Be2 h6 11. e4 Nxc3 12. bxc3 Nd7 13. Bf4 f5 14. exf5 Rxf5 15. Bg3 Bf7 16. Bd3 Ra5 17. Qb1 Qe8 18. Qxb7 e5 19. Rfe1 Rb8 20. Qc7 Qd8 21. Qd6 Bf8 22. Qxc6 Rc8 23. Qe4 Rxc3 24. Bh4 Qc7 25. Bf1 exd4 26. Nxd4 Ra4 27. Bb5 Rb4 28. a3 Nc5 29. Qa8 Rxd4 30. Be7 Ne6 31. Rxe6 Qc8 32. Qxc8 Rxc8 33. Re2 Bg7 34. Rae1 a5 35. a4 Rc3 36. Re4 Rd2 37. Bh4 Bd5 38. Re8+ Kh7 39. Kh2 Rcc2 40. R1e7 g5 41. Bg3 Kg6 42. Rd8 Bf6 43. Rd6 Bf7 44. Ra6 Kg7 45. Rb7 Rc8 46. Raa7 1-0